000
00320nam a2200121Ia 4500
008
191201s2005 xx 000 0 und d
100
_a
DUTTA, Subrata K R
245
0
_a
Uprooted Reangs: Strangers in Their Motherland
260
_a
N. Delhi
_b
Akansha Pub
_c
2005
300
_a
194
650
_a
General Books
942
_2
ddc
_c
BK
999
_c
722
_d
722